[Event "Blitz 2018"]
[Site "Saint-Petersburg"]
[Date "2018.12.30"]
[Round "14"]
[Board "22"]
[White "Guseinov Gadir (AZE)"]
[Black "Yudin Sergei (RUS)"]
[Result "1-0"]
[LiveChessVersion "1.4.8"]
[BlackElo "2533"]
[WhiteElo "2708"]

1. e4 {[%clk 0:03:03]} d6 {[%clk 0:03:03]} 2. d4 {[%clk 0:03:04]} Nf6
{[%clk 0:03:03]} 3. Nc3 {[%clk 0:03:05]} e5 {[%clk 0:03:04]} 4. Nf3
{[%clk 0:03:05]} Nbd7 {[%clk 0:03:05]} 5. Bc4 {[%clk 0:03:06]} Be7
{[%clk 0:03:05]} 6. O-O {[%clk 0:03:05]} O-O {[%clk 0:03:05]} 7. a4
{[%clk 0:03:06]} c6 {[%clk 0:03:06]} 8. a5 {[%clk 0:03:07]} Qc7 {[%clk 0:02:51]}
9. Re1 {[%clk 0:03:08]} exd4 {[%clk 0:02:49]} 10. Nxd4 {[%clk 0:03:07]} Re8
{[%clk 0:02:39]} 11. Nf5 {[%clk 0:02:49]} Bf8 {[%clk 0:02:15]} 12. Bg5
{[%clk 0:02:49]} Ne5 {[%clk 0:01:53]} 13. Bxf6 {[%clk 0:02:40]} Nxc4
{[%clk 0:01:53]} 14. Nxg7 {[%clk 0:01:46]} Bxg7 {[%clk 0:01:42]} 15. Bxg7
{[%clk 0:01:45]} Kxg7 {[%clk 0:01:42]} 16. Qd4+ {[%clk 0:01:43]} Ne5
{[%clk 0:01:42]} 17. f4 {[%clk 0:01:44]} c5 {[%clk 0:01:36]} 18. Qe3
{[%clk 0:01:45]} Ng4 {[%clk 0:01:34]} 19. Qg3 {[%clk 0:01:45]} Kh8
{[%clk 0:01:34]} 20. Nd5 {[%clk 0:01:47]} Qd8 {[%clk 0:01:35]} 21. Qc3+
{[%clk 0:01:36]} f6 {[%clk 0:00:49]} 22. h3 {[%clk 0:01:37]} Ne5 {[%clk 0:00:51]}
23. fxe5 {[%clk 0:01:37]} fxe5 {[%clk 0:00:51]} 24. Rad1 {[%clk 0:01:12]} Be6
{[%clk 0:00:50]} 25. Rd2 {[%clk 0:00:53]} Rg8 {[%clk 0:00:39]} 26. Kh2
{[%clk 0:00:42]} Bxd5 {[%clk 0:00:32]} 27. Rxd5 {[%clk 0:00:40]} Qf6
{[%clk 0:00:30]} 28. Qd2 {[%clk 0:00:32]} Rg6 {[%clk 0:00:27]} 29. Rd3
{[%clk 0:00:26]} Rag8 {[%clk 0:00:26]} 30. Re2 {[%clk 0:00:22]} b6
{[%clk 0:00:22]} 31. axb6 {[%clk 0:00:22]} axb6 32. c4 R8g7 {[%clk 0:00:19]} 33.
b3 {[%clk 0:00:24]} Rg8 {[%clk 0:00:20]} 34. Rf2 {[%clk 0:00:23]} Qh4
{[%clk 0:00:17]} 35. Qe2 {[%clk 0:00:21]} Rg3 {[%clk 0:00:15]} 36. Rdf3
{[%clk 0:00:14]} Qg5 {[%clk 0:00:13]} 37. Qf1 {[%clk 0:00:13]} Qg6
{[%clk 0:00:12]} 38. Rf5 {[%clk 0:00:11]} Qh6 {[%clk 0:00:13]} 39. R5f3
{[%clk 0:00:11]} Qg6 {[%clk 0:00:13]} 40. Qe2 {[%clk 0:00:10]} Qg5
{[%clk 0:00:13]} 41. Qd2 {[%clk 0:00:06]} Qxd2 {[%clk 0:00:06]} 42. Rxd2
{[%clk 0:00:07]} Rxf3 {[%clk 0:00:07]} 43. gxf3 {[%clk 0:00:09]} Rg6
{[%clk 0:00:08]} 44. h4 {[%clk 0:00:06]} Kg7 {[%clk 0:00:09]} 45. Kh3
{[%clk 0:00:07]} Kh6 {[%clk 0:00:09]} 46. Ra2 {[%clk 0:00:07]} Kh5
{[%clk 0:00:09]} 47. Ra6 {[%clk 0:00:07]} Rf6 {[%clk 0:00:11]} 48. Kg3
{[%clk 0:00:08]} Rg6+ {[%clk 0:00:12]} 49. Kf2 {[%clk 0:00:10]} Kxh4
{[%clk 0:00:13]} 50. Rxb6 {[%clk 0:00:11]} h5 51. b4 cxb4 52. c5 Rg8
{[%clk 0:00:12]} 53. cxd6 {[%clk 0:00:15]} Rd8 54. f4 exf4 55. e5 1-0

[Event "Blitz 2018"]
[Site "Saint-Petersburg"]
[Date "2018.12.30"]
[Round "14"]
[Board "23"]
[White "Najer Evgeniy (RUS)"]
[Black "Anand Viswanathan (IND)"]
[Result "1-0"]
[LiveChessVersion "1.4.8"]
[BlackElo "2832"]
[WhiteElo "2573"]

1. e4 {[%clk 0:03:03]} e5 {[%clk 0:03:03]} 2. Nf3 {[%clk 0:03:04]} Nc6
{[%clk 0:03:04]} 3. Bc4 {[%clk 0:03:05]} Bc5 {[%clk 0:03:04]} 4. d3
{[%clk 0:03:06]} Nf6 {[%clk 0:03:05]} 5. O-O {[%clk 0:03:05]} d6 {[%clk 0:03:06]}
6. c3 {[%clk 0:03:06]} a6 {[%clk 0:03:07]} 7. a4 {[%clk 0:03:08]} Ba7
{[%clk 0:03:08]} 8. Na3 {[%clk 0:03:04]} O-O {[%clk 0:03:06]} 9. Nc2
{[%clk 0:02:57]} Be6 {[%clk 0:02:55]} 10. Bxe6 {[%clk 0:02:56]} fxe6
{[%clk 0:02:56]} 11. Be3 {[%clk 0:02:55]} Bxe3 {[%clk 0:02:56]} 12. Nxe3
{[%clk 0:02:55]} a5 {[%clk 0:02:57]} 13. Qc2 {[%clk 0:02:42]} Nd7
{[%clk 0:02:52]} 14. Rad1 {[%clk 0:02:35]} Kh8 {[%clk 0:02:50]} 15. Nd2
{[%clk 0:02:24]} Nc5 {[%clk 0:02:41]} 16. Ndc4 {[%clk 0:02:01]} d5
{[%clk 0:02:33]} 17. Na3 {[%clk 0:01:25]} Ne7 {[%clk 0:02:28]} 18. exd5
{[%clk 0:01:07]} exd5 {[%clk 0:02:28]} 19. d4 {[%clk 0:01:08]} exd4
{[%clk 0:02:27]} 20. Rxd4 {[%clk 0:01:09]} c6 {[%clk 0:02:18]} 21. Nac4
{[%clk 0:01:04]} Ng6 {[%clk 0:02:00]} 22. Nd2 {[%clk 0:00:53]} Ne6
{[%clk 0:01:59]} 23. Rg4 {[%clk 0:00:51]} Ne5 {[%clk 0:01:20]} 24. Rg3
{[%clk 0:00:53]} d4 {[%clk 0:01:20]} 25. Ng4 {[%clk 0:00:38]} Nxg4
{[%clk 0:01:11]} 26. Rxg4 {[%clk 0:00:39]} d3 {[%clk 0:01:12]} 27. Qb3
{[%clk 0:00:26]} Qd7 {[%clk 0:01:12]} 28. Qc4 {[%clk 0:00:22]} b5
{[%clk 0:01:10]} 29. axb5 {[%clk 0:00:18]} cxb5 {[%clk 0:01:11]} 30. Qe4
{[%clk 0:00:16]} Rae8 {[%clk 0:01:07]} 31. Rh4 {[%clk 0:00:17]} Ng5
{[%clk 0:00:56]} 32. Qd4 {[%clk 0:00:17]} Qf5 {[%clk 0:00:56]} 33. f4
{[%clk 0:00:10]} Ne6 {[%clk 0:00:52]} 34. Qe5 {[%clk 0:00:10]} Qxe5
{[%clk 0:00:40]} 35. fxe5 {[%clk 0:00:11]} Rxf1+ {[%clk 0:00:38]} 36. Kxf1
{[%clk 0:00:12]} Rf8+ {[%clk 0:00:37]} 37. Nf3 {[%clk 0:00:12]} g5
{[%clk 0:00:29]} 38. Re4 {[%clk 0:00:13]} h5 {[%clk 0:00:28]} 39. Ke1
{[%clk 0:00:13]} g4 {[%clk 0:00:27]} 40. Nd4 {[%clk 0:00:14]} Nc5
{[%clk 0:00:20]} 41. Re3 {[%clk 0:00:15]} b4 {[%clk 0:00:21]} 42. cxb4
{[%clk 0:00:15]} axb4 {[%clk 0:00:22]} 43. e6 {[%clk 0:00:16]} Kg7
{[%clk 0:00:18]} 44. Re5 {[%clk 0:00:17]} Na4 {[%clk 0:00:12]} 45. e7
{[%clk 0:00:15]} Re8 {[%clk 0:00:13]} 46. b3 {[%clk 0:00:12]} Nc3
{[%clk 0:00:11]} 47. Kd2 {[%clk 0:00:12]} Kf6 {[%clk 0:00:11]} 48. Re6+
{[%clk 0:00:13]} Kf7 {[%clk 0:00:12]} 49. Kxd3 {[%clk 0:00:14]} Rxe7
{[%clk 0:00:14]} 50. Rxe7+ {[%clk 0:00:14]} Kxe7 {[%clk 0:00:14]} 51. Kc4
{[%clk 0:00:16]} Nd1 {[%clk 0:00:15]} 52. Nc2 {[%clk 0:00:15]} Kf6
{[%clk 0:00:10]} 53. Kxb4 {[%clk 0:00:16]} h4 {[%clk 0:00:07]} 54. Kc5
{[%clk 0:00:17]} Nf2 {[%clk 0:00:05]} 55. b4 {[%clk 0:00:17]} Nd3+
{[%clk 0:00:06]} 56. Kd4 {[%clk 0:00:17]} Nf4 {[%clk 0:00:06]} 57. b5
{[%clk 0:00:17]} Ke6 {[%clk 0:00:03]} 58. Ne3 {[%clk 0:00:18]} g3
{[%clk 0:00:04]} 59. h3 {[%clk 0:00:18]} Kd7 {[%clk 0:00:05]} 60. Ke4
{[%clk 0:00:19]} 1-0

[Event "Blitz 2018"]
[Site "Saint-Petersburg"]
[Date "2018.12.30"]
[Round "14"]
[Board "24"]
[White "Demchenko Anton (RUS)"]
[Black "Vitiugov Nikita (RUS)"]
[Result "0-1"]
[LiveChessVersion "1.4.8"]
[BlackElo "2696"]
[WhiteElo "2572"]

1. e4 {[%clk 0:03:03]} e6 {[%clk 0:03:03]} 2. d4 d5 3. Nd2 {[%clk 0:03:02]} c5
{[%clk 0:03:04]} 4. exd5 {[%clk 0:03:03]} Qxd5 {[%clk 0:03:04]} 5. dxc5
{[%clk 0:03:04]} Nf6 {[%clk 0:03:02]} 6. Ngf3 {[%clk 0:03:05]} Qxc5
{[%clk 0:02:57]} 7. Bd3 {[%clk 0:03:06]} Nbd7 {[%clk 0:02:56]} 8. O-O
{[%clk 0:03:06]} Qc7 {[%clk 0:02:56]} 9. a4 {[%clk 0:03:07]} Be7 {[%clk 0:02:54]}
10. a5 {[%clk 0:03:07]} O-O {[%clk 0:02:53]} 11. c3 {[%clk 0:03:06]} b6
{[%clk 0:02:43]} 12. axb6 {[%clk 0:03:02]} Nxb6 {[%clk 0:02:43]} 13. Nb3
{[%clk 0:02:20]} Bb7 {[%clk 0:02:41]} 14. Na5 {[%clk 0:02:17]} Bd5
{[%clk 0:02:40]} 15. Qe2 {[%clk 0:02:17]} Rab8 {[%clk 0:02:21]} 16. h3
{[%clk 0:02:10]} h6 {[%clk 0:02:18]} 17. Re1 {[%clk 0:01:51]} Ba8
{[%clk 0:02:12]} 18. Be3 {[%clk 0:01:30]} Nbd5 {[%clk 0:02:08]} 19. Nc4
{[%clk 0:01:04]} Nxe3 {[%clk 0:02:08]} 20. Qxe3 {[%clk 0:01:05]} Bc5
{[%clk 0:02:08]} 21. Qe5 {[%clk 0:01:07]} Qc6 {[%clk 0:01:52]} 22. Bf1
{[%clk 0:00:59]} Rfc8 {[%clk 0:01:44]} 23. b4 {[%clk 0:00:44]} Bb6
{[%clk 0:01:32]} 24. Nxb6 {[%clk 0:00:44]} Qxb6 {[%clk 0:01:33]} 25. Ra6
{[%clk 0:00:46]} Qc7 {[%clk 0:01:33]} 26. Qxc7 {[%clk 0:00:32]} Rxc7
{[%clk 0:01:34]} 27. Ne5 {[%clk 0:00:33]} Nd5 {[%clk 0:01:15]} 28. Rea1
{[%clk 0:00:34]} f6 {[%clk 0:01:09]} 29. Nd3 {[%clk 0:00:31]} Nxc3
{[%clk 0:01:04]} 30. Rxa7 {[%clk 0:00:25]} Rxa7 {[%clk 0:01:05]} 31. Rxa7
{[%clk 0:00:26]} Bd5 {[%clk 0:01:03]} 32. Rc7 {[%clk 0:00:23]} Na2
{[%clk 0:01:02]} 33. f3 {[%clk 0:00:09]} Nxb4 {[%clk 0:01:01]} 34. Nxb4
{[%clk 0:00:11]} Rxb4 {[%clk 0:01:01]} 35. Rc8+ {[%clk 0:00:12]} Kh7
{[%clk 0:00:55]} 36. Bd3+ {[%clk 0:00:13]} f5 {[%clk 0:00:56]} 37. Rd8
{[%clk 0:00:15]} Kg6 {[%clk 0:00:56]} 38. Kf2 {[%clk 0:00:15]} Kf6
{[%clk 0:00:56]} 39. Rc8 {[%clk 0:00:15]} Rb2+ {[%clk 0:00:56]} 40. Be2
{[%clk 0:00:16]} Bb7 {[%clk 0:00:56]} 41. Rb8 {[%clk 0:00:14]} Ke5
{[%clk 0:00:53]} 42. g3 {[%clk 0:00:14]} Kd6 {[%clk 0:00:54]} 43. Ke3
{[%clk 0:00:13]} Rb3+ {[%clk 0:00:54]} 44. Kf2 {[%clk 0:00:14]} Rb2
{[%clk 0:00:54]} 45. Ke3 {[%clk 0:00:16]} e5 {[%clk 0:00:52]} 46. f4
{[%clk 0:00:08]} Rb3+ {[%clk 0:00:43]} 47. Kf2 {[%clk 0:00:09]} e4
{[%clk 0:00:43]} 48. Bd1 {[%clk 0:00:07]} e3+ {[%clk 0:00:41]} 49. Ke1
{[%clk 0:00:07]} Rb1 {[%clk 0:00:42]} 50. Rd8+ {[%clk 0:00:04]} Kc7
{[%clk 0:00:32]} 51. Rd3 {[%clk 0:00:04]} Bf3 {[%clk 0:00:29]} 52. Rc3+
{[%clk 0:00:04]} Kd6 {[%clk 0:00:29]} 53. Rd3+ {[%clk 0:00:06]} Kc5
{[%clk 0:00:31]} 54. Rd8 {[%clk 0:00:06]} e2 {[%clk 0:00:30]} 0-1

[Event "Blitz 2018"]
[Site "Saint-Petersburg"]
[Date "2018.12.30"]
[Round "14"]
[Board "25"]
[White "Fridman Daniel (GER)"]
[Black "Vallejo Pons Francisco (ESP)"]
[Result "0-1"]
[LiveChessVersion "1.4.8"]
[BlackElo "2673"]
[WhiteElo "2530"]

1. Nf3 {[%clk 0:03:02]} d5 {[%clk 0:03:04]} 2. d4 {[%clk 0:03:03]} Nf6
{[%clk 0:03:05]} 3. c4 {[%clk 0:03:05]} dxc4 {[%clk 0:03:05]} 4. e3
{[%clk 0:03:05]} e6 {[%clk 0:03:06]} 5. Bxc4 {[%clk 0:03:06]} c5 {[%clk 0:03:08]}
6. O-O {[%clk 0:03:05]} cxd4 {[%clk 0:03:08]} 7. Qxd4 {[%clk 0:03:01]} Qxd4
{[%clk 0:03:06]} 8. Nxd4 {[%clk 0:03:01]} Bd7 {[%clk 0:03:05]} 9. Nb5
{[%clk 0:02:58]} Bxb5 {[%clk 0:02:36]} 10. Bxb5+ {[%clk 0:02:59]} Nbd7
{[%clk 0:02:33]} 11. b3 {[%clk 0:02:50]} Bc5 {[%clk 0:02:14]} 12. Bb2
{[%clk 0:02:47]} Ke7 {[%clk 0:02:15]} 13. Nc3 {[%clk 0:02:41]} Rhd8
{[%clk 0:02:01]} 14. Be2 {[%clk 0:02:28]} Ne5 {[%clk 0:01:33]} 15. Rfd1
{[%clk 0:01:57]} Rxd1+ {[%clk 0:01:33]} 16. Nxd1 {[%clk 0:01:58]} Bd6
{[%clk 0:00:50]} 17. Rc1 {[%clk 0:01:58]} Rd8 {[%clk 0:00:50]} 18. Nc3
{[%clk 0:01:19]} a6 {[%clk 0:00:51]} 19. h3 {[%clk 0:01:12]} g5 {[%clk 0:00:48]}
20. Rc2 {[%clk 0:01:08]} h5 {[%clk 0:00:44]} 21. Na4 {[%clk 0:01:00]} g4
{[%clk 0:00:29]} 22. Nb6 {[%clk 0:01:01]} Nc6 {[%clk 0:00:16]} 23. Bxf6+
{[%clk 0:00:52]} Kxf6 {[%clk 0:00:17]} 24. hxg4 {[%clk 0:00:53]} Nb4
{[%clk 0:00:15]} 25. Rc4 {[%clk 0:00:30]} hxg4 {[%clk 0:00:10]} 26. a3
{[%clk 0:00:30]} Nd5 {[%clk 0:00:08]} 27. Nxd5+ {[%clk 0:00:30]} exd5
{[%clk 0:00:09]} 28. Rxg4 {[%clk 0:00:30]} Bxa3 {[%clk 0:00:11]} 29. Bf3
{[%clk 0:00:29]} Bb2 {[%clk 0:00:10]} 30. Rf4+ {[%clk 0:00:26]} Ke6
{[%clk 0:00:11]} 31. Bg4+ {[%clk 0:00:27]} Ke7 {[%clk 0:00:12]} 32. Bh5
{[%clk 0:00:28]} f6 {[%clk 0:00:13]} 33. Bf3 {[%clk 0:00:27]} b5 {[%clk 0:00:14]}
34. Rh4 {[%clk 0:00:25]} Kd6 {[%clk 0:00:14]} 35. Kf1 {[%clk 0:00:25]} a5
{[%clk 0:00:15]} 36. Ke2 {[%clk 0:00:24]} Ra8 {[%clk 0:00:10]} 37. Rh1
{[%clk 0:00:19]} a4 {[%clk 0:00:11]} 38. bxa4 {[%clk 0:00:19]} bxa4
{[%clk 0:00:13]} 39. Rd1 {[%clk 0:00:21]} Ra5 {[%clk 0:00:14]} 40. Kd3
{[%clk 0:00:11]} a3 {[%clk 0:00:15]} 41. Kc2 {[%clk 0:00:12]} Be5
{[%clk 0:00:14]} 42. Bxd5 {[%clk 0:00:12]} Rxd5 {[%clk 0:00:12]} 43. Rxd5+
{[%clk 0:00:09]} Kxd5 {[%clk 0:00:12]} 44. Kb3 {[%clk 0:00:10]} Bd6
{[%clk 0:00:09]} 45. f3 {[%clk 0:00:11]} Ke5 {[%clk 0:00:08]} 46. g4
{[%clk 0:00:10]} Bc5 {[%clk 0:00:08]} 47. f4+ {[%clk 0:00:11]} Ke4
{[%clk 0:00:08]} 48. g5 {[%clk 0:00:12]} f5 {[%clk 0:00:08]} 49. g6
{[%clk 0:00:07]} Bf8 {[%clk 0:00:10]} 0-1

[Event "Blitz 2018"]
[Site "Saint-Petersburg"]
[Date "2018.12.30"]
[Round "14"]
[Board "27"]
[White "Paravyan David (RUS)"]
[Black "Nihal Sarin (IND)"]
[Result "0-1"]
[LiveChessVersion "1.4.8"]
[BlackElo "2506"]
[WhiteElo "2629"]

1. d4 {[%clk 0:03:04]} Nf6 2. c4 e6 {[%clk 0:03:03]} 3. g3 {[%clk 0:03:06]} d5
{[%clk 0:03:02]} 4. Bg2 {[%clk 0:03:07]} dxc4 {[%clk 0:03:02]} 5. Nf3
{[%clk 0:03:09]} c5 {[%clk 0:03:03]} 6. O-O {[%clk 0:03:09]} Nc6 {[%clk 0:03:04]}
7. Na3 {[%clk 0:03:10]} cxd4 {[%clk 0:02:57]} 8. Nxc4 {[%clk 0:03:11]} Bc5
{[%clk 0:02:49]} 9. a3 {[%clk 0:03:12]} a5 {[%clk 0:02:49]} 10. b3
{[%clk 0:03:13]} O-O {[%clk 0:02:50]} 11. Bb2 {[%clk 0:03:15]} h6
{[%clk 0:02:21]} 12. Rc1 {[%clk 0:03:16]} Ba7 {[%clk 0:02:15]} 13. b4
{[%clk 0:03:06]} axb4 {[%clk 0:01:55]} 14. axb4 {[%clk 0:03:07]} Nxb4
{[%clk 0:01:56]} 15. Nxd4 {[%clk 0:03:04]} Qe7 {[%clk 0:01:20]} 16. Nb5
{[%clk 0:02:55]} Rd8 {[%clk 0:01:11]} 17. Qb3 {[%clk 0:02:56]} Bc5
{[%clk 0:01:10]} 18. Rfd1 {[%clk 0:02:28]} Bd7 {[%clk 0:00:58]} 19. Ncd6
{[%clk 0:01:37]} Bxd6 {[%clk 0:00:37]} 20. Nxd6 {[%clk 0:01:38]} Ba4
{[%clk 0:00:38]} 21. Qxb4 {[%clk 0:01:39]} Bxd1 {[%clk 0:00:39]} 22. Rxd1
{[%clk 0:01:41]} Ne8 {[%clk 0:00:24]} 23. Be5 {[%clk 0:01:20]} Ra6
{[%clk 0:00:12]} 24. Bxb7 {[%clk 0:00:52]} Raxd6 {[%clk 0:00:13]} 25. Bxd6
{[%clk 0:00:53]} Rxd6 {[%clk 0:00:13]} 26. Re1 {[%clk 0:00:43]} Kf8
{[%clk 0:00:09]} 27. Bf3 {[%clk 0:00:41]} Rd8 {[%clk 0:00:08]} 28. Qb1
{[%clk 0:00:41]} Nf6 {[%clk 0:00:09]} 29. Kg2 {[%clk 0:00:42]} g6
{[%clk 0:00:11]} 30. Rc1 Kg7 31. Qb6 {[%clk 0:00:42]} Rd7 {[%clk 0:00:13]} 32.
Rc8 {[%clk 0:00:43]} Qd6 {[%clk 0:00:10]} 33. Qb2 {[%clk 0:00:43]} Qd4
{[%clk 0:00:10]} 34. Qb8 {[%clk 0:00:42]} h5 {[%clk 0:00:09]} 35. Rh8
{[%clk 0:00:40]} Qd6 {[%clk 0:00:11]} 36. Qa8 {[%clk 0:00:30]} e5
{[%clk 0:00:12]} 37. Rc8 {[%clk 0:00:27]} Re7 {[%clk 0:00:11]} 38. Rc6
{[%clk 0:00:23]} Qd4 {[%clk 0:00:12]} 39. e3 {[%clk 0:00:22]} Qb2
{[%clk 0:00:13]} 40. Rc4 {[%clk 0:00:14]} Qb5 {[%clk 0:00:09]} 41. Qa4
{[%clk 0:00:06]} Qb6 {[%clk 0:00:08]} 42. Qc2 {[%clk 0:00:06]} Rd7
{[%clk 0:00:07]} 43. Rc6 {[%clk 0:00:07]} Qd8 {[%clk 0:00:09]} 44. Qb1
{[%clk 0:00:05]} Qe7 {[%clk 0:00:09]} 45. Rc4 {[%clk 0:00:06]} Rc7
{[%clk 0:00:10]} 46. Qc2 {[%clk 0:00:06]} Rxc4 {[%clk 0:00:11]} 47. Qxc4
{[%clk 0:00:07]} Qd6 {[%clk 0:00:12]} 48. h3 {[%clk 0:00:08]} Qe7
{[%clk 0:00:13]} 49. Qc6 {[%clk 0:00:09]} Qd8 {[%clk 0:00:13]} 50. Qb7
{[%clk 0:00:08]} Qd6 {[%clk 0:00:14]} 51. g4 {[%clk 0:00:07]} hxg4
{[%clk 0:00:15]} 52. hxg4 {[%clk 0:00:08]} e4 {[%clk 0:00:14]} 53. Bxe4
{[%clk 0:00:07]} Nxg4 {[%clk 0:00:16]} 54. Bf3 {[%clk 0:00:04]} Qh2+
{[%clk 0:00:16]} 0-1

[Event "Blitz 2018"]
[Site "Saint-Petersburg"]
[Date "2018.12.30"]
[Round "14"]
[Board "28"]
[White "Potkin Vladimir (RUS)"]
[Black "Sarana Alexey (RUS)"]
[Result "1-0"]
[LiveChessVersion "1.4.8"]
[BlackElo "2616"]
[WhiteElo "2494"]

1. Nf3 {[%clk 0:03:03]} Nf6 {[%clk 0:03:02]} 2. c4 {[%clk 0:03:04]} e6
{[%clk 0:03:02]} 3. Nc3 {[%clk 0:03:05]} d5 {[%clk 0:03:03]} 4. e3
{[%clk 0:03:05]} Bb4 {[%clk 0:02:59]} 5. a3 {[%clk 0:02:43]} Bxc3
{[%clk 0:02:54]} 6. dxc3 {[%clk 0:02:43]} O-O {[%clk 0:02:52]} 7. Be2
{[%clk 0:02:25]} b6 {[%clk 0:02:50]} 8. O-O {[%clk 0:02:23]} dxc4
{[%clk 0:02:40]} 9. Bxc4 {[%clk 0:02:21]} Ba6 {[%clk 0:02:41]} 10. Qe2
{[%clk 0:02:13]} Bxc4 {[%clk 0:02:39]} 11. Qxc4 {[%clk 0:02:14]} c5
{[%clk 0:02:35]} 12. e4 {[%clk 0:02:15]} Qc7 {[%clk 0:02:18]} 13. e5
{[%clk 0:02:00]} Nfd7 {[%clk 0:02:19]} 14. Re1 {[%clk 0:01:59]} Nc6
{[%clk 0:02:20]} 15. Qe4 {[%clk 0:01:46]} Rfe8 {[%clk 0:02:08]} 16. Bg5
{[%clk 0:01:41]} Nf8 {[%clk 0:02:04]} 17. Rad1 {[%clk 0:01:41]} h6
{[%clk 0:01:52]} 18. Bh4 {[%clk 0:01:32]} Ng6 {[%clk 0:01:51]} 19. Bg3
{[%clk 0:01:26]} Nce7 {[%clk 0:01:41]} 20. h4 {[%clk 0:01:17]} Nf5
{[%clk 0:01:36]} 21. h5 {[%clk 0:01:18]} Nxg3 {[%clk 0:01:20]} 22. fxg3
{[%clk 0:01:19]} Ne7 {[%clk 0:01:21]} 23. g4 {[%clk 0:01:17]} Rad8
{[%clk 0:01:22]} 24. g5 {[%clk 0:01:18]} Qc6 {[%clk 0:01:04]} 25. Qf4
{[%clk 0:01:11]} Rxd1 {[%clk 0:00:40]} 26. Rxd1 {[%clk 0:01:12]} Nd5
{[%clk 0:00:41]} 27. Qg3 {[%clk 0:01:02]} Kh8 {[%clk 0:00:28]} 28. Nh4
{[%clk 0:00:48]} Rg8 {[%clk 0:00:20]} 29. Rf1 {[%clk 0:00:49]} Qc7
{[%clk 0:00:19]} 30. c4 {[%clk 0:00:32]} hxg5 {[%clk 0:00:20]} 31. Qxg5
{[%clk 0:00:30]} f6 {[%clk 0:00:10]} 32. exf6 {[%clk 0:00:15]} Nxf6
{[%clk 0:00:12]} 33. h6 {[%clk 0:00:15]} Ne4 {[%clk 0:00:05]} 34. Qg6
{[%clk 0:00:11]} Ng3 {[%clk 0:00:03]} 35. Rf7 {[%clk 0:00:10]} Ne2+ 36. Kf2
{[%clk 0:00:10]} Qe5 {[%clk 0:00:03]} 37. hxg7+ {[%clk 0:00:11]} Rxg7
{[%clk 0:00:04]} 38. Rf8+ {[%clk 0:00:12]} 1-0

[Event "Blitz 2018"]
[Site "Saint-Petersburg"]
[Date "2018.12.30"]
[Round "14"]
[Board "29"]
[White "Hovhannisyan Robert (ARM)"]
[Black "Hakobyan Aram (ARM)"]
[Result "1-0"]
[LiveChessVersion "1.4.8"]
[BlackElo "2451"]
[WhiteElo "2588"]

1. e4 {[%clk 0:03:02]} Nf6 {[%clk 0:03:03]} 2. e5 {[%clk 0:03:03]} Nd5 3. d4 d6
{[%clk 0:03:05]} 4. Nf3 {[%clk 0:03:05]} dxe5 {[%clk 0:03:06]} 5. Nxe5
{[%clk 0:03:06]} c6 {[%clk 0:03:07]} 6. Be2 {[%clk 0:03:06]} Nd7 {[%clk 0:03:08]}
7. Nf3 {[%clk 0:03:07]} g6 {[%clk 0:03:07]} 8. c4 {[%clk 0:03:02]} Nc7
{[%clk 0:03:08]} 9. O-O {[%clk 0:03:03]} Bg7 {[%clk 0:03:08]} 10. Be3
{[%clk 0:03:03]} O-O {[%clk 0:03:06]} 11. Nc3 {[%clk 0:03:04]} Nf6
{[%clk 0:02:45]} 12. h3 {[%clk 0:03:05]} Bf5 {[%clk 0:02:44]} 13. Qd2
{[%clk 0:02:47]} Ne4 {[%clk 0:02:30]} 14. Nxe4 {[%clk 0:02:47]} Bxe4
{[%clk 0:02:31]} 15. Rad1 {[%clk 0:02:44]} Re8 {[%clk 0:01:55]} 16. Bh6
{[%clk 0:02:36]} Bxf3 {[%clk 0:01:33]} 17. Bxf3 {[%clk 0:02:36]} e6
{[%clk 0:01:20]} 18. Rfe1 {[%clk 0:02:28]} Bxh6 {[%clk 0:01:17]} 19. Qxh6
{[%clk 0:02:29]} Qf6 {[%clk 0:01:17]} 20. Qe3 {[%clk 0:02:13]} Red8
{[%clk 0:01:17]} 21. Qe5 {[%clk 0:02:05]} Qxe5 {[%clk 0:01:18]} 22. dxe5
{[%clk 0:02:05]} Na6 {[%clk 0:01:12]} 23. Be4 {[%clk 0:01:42]} Nc5
{[%clk 0:01:09]} 24. Bc2 {[%clk 0:01:43]} a5 {[%clk 0:01:10]} 25. f4
{[%clk 0:01:42]} Kf8 {[%clk 0:01:10]} 26. Kf2 {[%clk 0:01:43]} h5
{[%clk 0:01:08]} 27. g3 {[%clk 0:01:43]} Ke7 {[%clk 0:01:09]} 28. Ke3
{[%clk 0:01:43]} Rxd1 {[%clk 0:00:50]} 29. Rxd1 {[%clk 0:01:44]} Rd8
{[%clk 0:00:52]} 30. Rxd8 {[%clk 0:01:42]} Kxd8 {[%clk 0:00:53]} 31. Kd4
{[%clk 0:01:42]} b6 {[%clk 0:00:55]} 32. a3 {[%clk 0:01:42]} Kc7 {[%clk 0:00:51]}
33. Kc3 {[%clk 0:01:36]} Nd7 {[%clk 0:00:50]} 34. b4 {[%clk 0:01:32]} axb4+
{[%clk 0:00:51]} 35. axb4 {[%clk 0:01:33]} c5 {[%clk 0:00:51]} 36. Ba4
{[%clk 0:01:28]} Kd8 {[%clk 0:00:37]} 37. Bc6 {[%clk 0:00:39]} Kc7
{[%clk 0:00:33]} 38. Bb5 {[%clk 0:00:39]} Kd8 {[%clk 0:00:28]} 39. Kb3
{[%clk 0:00:29]} cxb4 {[%clk 0:00:13]} 40. Kxb4 {[%clk 0:00:12]} Nc5
{[%clk 0:00:14]} 41. Bc6 {[%clk 0:00:13]} h4 {[%clk 0:00:12]} 42. gxh4
{[%clk 0:00:13]} Nd3+ {[%clk 0:00:13]} 43. Kb5 {[%clk 0:00:14]} Kc7
{[%clk 0:00:08]} 44. Be8 {[%clk 0:00:15]} Nxf4 {[%clk 0:00:08]} 45. Bxf7
{[%clk 0:00:16]} Ng2 {[%clk 0:00:05]} 46. Bxg6 {[%clk 0:00:15]} Nxh4
{[%clk 0:00:06]} 47. Be4 {[%clk 0:00:16]} Nf5 {[%clk 0:00:04]} 48. Bd3
{[%clk 0:00:04]} Nd4+ {[%clk 0:00:04]} 49. Ka4 {[%clk 0:00:05]} Nf3
{[%clk 0:00:05]} 50. Be2 {[%clk 0:00:04]} Nxe5 {[%clk 0:00:05]} 51. h4
{[%clk 0:00:05]} Kc6 {[%clk 0:00:04]} 52. h5 {[%clk 0:00:06]} Nf7
{[%clk 0:00:06]} 53. Kb4 {[%clk 0:00:07]} Nh6 {[%clk 0:00:06]} 54. Bf3+
{[%clk 0:00:08]} Kc7 {[%clk 0:00:07]} 55. Kb5 {[%clk 0:00:08]} Nf5
{[%clk 0:00:09]} 56. Bg4 {[%clk 0:00:08]} Nd6+ {[%clk 0:00:04]} 57. Kb4
{[%clk 0:00:10]} Kd7 {[%clk 0:00:04]} 58. h6 {[%clk 0:00:10]} Nf7
{[%clk 0:00:05]} 59. h7 {[%clk 0:00:11]} Ke7 {[%clk 0:00:06]} 60. Kb5
{[%clk 0:00:10]} Nd6+ {[%clk 0:00:07]} 61. Kc6 {[%clk 0:00:10]} Nf7
{[%clk 0:00:08]} 62. Bh5 {[%clk 0:00:11]} Nh8 {[%clk 0:00:04]} 63. Kxb6
{[%clk 0:00:12]} e5 {[%clk 0:00:04]} 64. c5 {[%clk 0:00:13]} Kf6 {[%clk 0:00:04]}
65. c6 {[%clk 0:00:14]} 1-0